LIBRARY & INFORMATION CENTRE, KCAET, TAVANUR

ONLINE PUBLIC ACCESS CATALOGUE (OPAC)

Normal view MARC view
  • Sudheer K.P. (Guide)

Entry Personal Name

Number of records used in: 6

001 - CONTROL NUMBER

  • control field: 6188

003 - CONTROL NUMBER IDENTIFIER

  • control field: OSt

005 - DATE AND TIME OF LATEST TRANSACTION

  • control field: 20240404105159.0

008 - FIXED-LENGTH DATA ELEMENTS

  • fixed length control field: 240404|| aca||aabn | a|a d

040 ## - CATALOGING SOURCE

  • Original cataloging agency: OSt
  • Transcribing agency: OSt

100 ## - HEADING--PERSONAL NAME

  • Personal name: Sudheer K.P. (Guide)

670 ## - SOURCE DATA FOUND

  • Source citation: Work cat.: (OSt)18079: Navya K.P. 4938, Ozone treatment for improving quality parameters and surface disinfection of cucumber /, 2024.
free website counter